| Поле | Название | Значение |
| |
Тип записи |
a |
| |
Библиографический уровень |
m |
| 001 |
Контрольный номер |
a6c2571d57e54273af4c7bc5a3990edf |
| 005 |
Дата корректировки |
20150706103117.0 |
| 200 |
Заглавие и сведения об ответственности |
1_ |
| a |
Заглавие |
Гендерный калейдоскоп |
| b |
Общее обозначение материала |
Текст |
| e |
Сведения, относящиеся к заглавию |
Курс лекций |
| f |
Первые сведения об ответственности |
Под общ. ред. М.М. Малышевой |
| 210 |
Выходные данные |
1_ |
| a |
Место издания |
М. |
| c |
Издательство |
Academia |
| d |
Дата издания |
2002 |
| 215 |
Физическое описание |
__ |
| a |
Объем |
520 с. |
| 330 |
Аннотация |
__ |
| a |
Аннотация |
Взаимоотношения женщин и мужчин, определение их места и роли в оществе. История феминизма. |
| 606 |
Тематические рубрики |
__ |
| a |
Основная рубрика |
Социология |
| 610 |
Ключевые слова |
0_ |
| a |
Ключевые слова |
гендерные исследования |
| a |
Ключевые слова |
феминизм |
| a |
Ключевые слова |
женщина |
| a |
Ключевые слова |
права |
| a |
Ключевые слова |
насилие |
| a |
Ключевые слова |
планирование семьи |
| 686 |
Индексы других классификаций |
__ |
| a |
Классификационный индекс |
60.54 |
| 2 |
Код системы |
rubbk |
| 852 |
Данные о местонахождении |
__ |
| i |
Авторский знак |
Г 34 |
| j |
Шифр хранения |
60.54 |
| 938 |
Служебная информация |
__ |
| a |
Название организации |
Волгоградский филиал |
| b |
Имя БД |
Каталог_ВКИ |
| c |
Название АИБС |
АИБС МАРК-SQL |